Uplatnenie AI pri vedení účtovníctva bakalárska práca

Salvato in:
Dettagli Bibliografici
Autore principale: Béreš, Roland
Ente Autore: Podnikovohospodárska fakulta EU so sídlom v Košiciach. Katedra kvantitatívnych metód
Altri autori: Závadský, Cyril, 1971-
Natura: Libro
Lingua:slovacco
Pubblicazione: Košice 2023
Tags: Aggiungi Tag
Nessun Tag, puoi essere il primo ad aggiungerne!!

MARC

LEADER 00000nbm a2200000 4500
001 0294431
005 20240711095537.3
041 0 |a slo 
044 |a SK 
245 1 0 |a Uplatnenie AI pri vedení účtovníctva  |b bakalárska práca  |c Roland Béreš ; školiteľ: Cyril Závadský 
264 1 |a Košice  |c 2023 
300 |a 61 s. 
100 1 |a Béreš, Roland 
700 1 |a Závadský, Cyril, 1971- 
710 2 |a Podnikovohospodárska fakulta EU so sídlom v Košiciach. Katedra kvantitatívnych metód